Algoritmy vo výpočtovej technike knižnica algoritmov - IV diel zo 4. sympózia : 19.-22. 4. 1977 : Vysoké Tatry-Štrbské Pleso

Bibliographic Details
Corporate Author: Algoritmy vo výpočtovej technike Vysoké Tatry - Štrbské Pleso, Slovensko
Format: Conference Proceeding Book
Language:Slovak
Czech
PhysicalDescription:275 s. grafy 29 cm
Published: Bratislava Slovenská vedeckotechnická spoločnosť 1977
Edition:1. vyd.
Subjects:

MARC

LEADER 00000cam a2200000 i 4500
001 vtls009696150
003 SK-MaSNL
005 20260301171445.0
008 180814s1977 xo d fr 100 0 slo
020 |q (brožované) 
035 |a (SVKBBclas03)vtls000074644 
040 |a SNK  |b slo  |c SNK  |e AACR2 
041 0 |a slo  |a cze 
044 |a xo  |c SK 
072 7 |a 510  |x Všeobecné úvahy o matematike  |2 konspekt 
080 |a 510.5  |2 2001 
080 |a (062.534)  |2 2001 
111 2 |a Algoritmy vo výpočtovej technike  |n (4. :  |d 1977 :  |c Vysoké Tatry - Štrbské Pleso, Slovensko)  |9 539164 
245 1 0 |a Algoritmy vo výpočtovej technike  |b knižnica algoritmov - IV diel zo 4. sympózia : 19.-22. 4. 1977 : Vysoké Tatry-Štrbské Pleso  |c [autor Kolektív] 
250 |a 1. vyd. 
260 |a Bratislava  |b Slovenská vedeckotechnická spoločnosť  |c 1977 
300 |a 275 s.  |b grafy  |c 29 cm 
546 |a Text aj v češ. 
650 0 7 |a algoritmy  |2 SNKPH  |9 3655 
655 7 |a zborníky konferencií  |2 SNKPH  |9 70153 
958 |a OND 
999 |c 830893  |d 832823 
952 |a SNK  |b SNK  |y VYP  |7 0  |p 17A1122538  |o snkSB 20889/4 D1  |i snk2015/11640  |8 1  |0 0  |1 0  |4 0  |d 2017-07-13  |l 0  |r 2026-02-24 03:37:13  |w 2026-02-24 
952 |a SNK  |b SNK  |y PREZ  |7 0  |p 17A0901776  |o snkSB 20889/4  |i snkKSP 6179/77  |0 0  |1 0  |4 0  |d 2015-04-07  |l 0  |r 2025-03-21 00:00:00  |w 2026-02-24